| 000 | 01399cam a2200349 a 4500 | ||
|---|---|---|---|
| 999 |
_c529741 _d529741 |
||
| 001 | 12472401 | ||
| 003 | NUST | ||
| 005 | 20191002130759.0 | ||
| 008 | 010716s2000 dcua bt 000 0 eng d | ||
| 010 | _a 00135388 | ||
| 020 | _a0309068746 | ||
| 035 | _a(OCoLC)ocm45707813 | ||
| 038 | _aMSOHAIL | ||
| 040 |
_aTRL _cTRL _dDAY _dDLC |
||
| 042 | _alccopycat | ||
| 050 | 0 | 0 |
_aTE251.5 _b.E84 2000 |
| 082 | _a0 | ||
| 245 | 0 | 0 |
_aEvaluation of pavement friction characteristics / _cconsultant, John J. Henry. |
| 260 |
_aWashington, D.C. : _bNational Academy Press, _c2000. |
||
| 300 |
_a66 p. : _bill. ; _c28 cm. |
||
| 440 | 2 |
_aA synthesis of highway practice, _x0547-5570 ; _v291 _922420 |
|
| 500 | _aAt head of title: National Cooperative Highway Research Program. | ||
| 500 | _a"Transportation Research Board, National Research Council." | ||
| 500 | _a"Research sponsored by the American Association of State Highway and Transportation Officials in cooperation with the Federal Highway Administration." | ||
| 504 | _aIncludes bibliographical references (p. 33-35). | ||
| 650 | 0 |
_aPavements _xPerformance. _922394 |
|
| 650 | 0 |
_aPavements _xSkid resistance _xResearch. _922421 |
|
| 700 | 1 |
_aHenry, John J. _q(John Jewett), _d1938- _922422 |
|
| 906 |
_a7 _bcbc _ccopycat _d2 _encip _f20 _gy-gencatlg |
||
| 942 |
_2ddc _cBK |
||